000
00286nam a22001217a 4500
041
_a
ENG
100
_a
Badescu.V
245
_a
Model For A Solar -Assisted Climatization System
260
_a
New Delhi
_b
BIS
_c
1998
300
_a
07
650
_a
BIS Tist Code
856
_u
BIS Tist Code
999
_c
2143
_d
2143